| 000 | 00623nam a2200205Ia 4500 | ||
|---|---|---|---|
| 001 | 9446 | ||
| 003 | GE_BSU | ||
| 008 | 181216s||||||||xx |||||||||||||| ||und|| | ||
| 040 | _cGE_BSU | ||
| 080 | _a821.353.1–2 | ||
| 100 | _aმოსაშვილი,ილო | ||
| 245 | _aპიესები | ||
| 245 | _cრედ.ნ.შველიძე,მხატვ.დ.ქუთათელაძე,ლ.ქუთათელაძე | ||
| 260 | _aთბილისი | ||
| 260 | _bსახელგამი | ||
| 260 | _c1950 | ||
| 300 | _a222გვ.21სმ. | ||
| 653 | _aპიესები | ||
| 942 | _cBK | ||
| 999 |
_c42740 _d42740 |
||